000
00295nam a22001337a 4500
008
180216b xxu||||| |||| 00| 0 eng d
020
_a
9780323040037
041
_a
eng
080
_a
61
100
_a
3
101
_a
shm
245
_a
virtual clinical excursions
_c
gina.l
942
_2
udc
_c
BK
999
_c
42730
_d
42730